000
00258nam a2200097Ia 4500
008
230907s9999||||xx |||||||||||||| ||und||
082
_a
621.319,ADV
245
0
_a
Advanced technologies for future transmission grids /
300
_a
x, 396 pages :
942
_c
BK
999
_c
597613
_d
597613